[Event "Vaxjo op"]
[Site "Vaxjo"]
[Date "2015.02.13"]
[Round "1"]
[White "Gummesson, Anton"]
[Black "Lissang, Christopher"]
[Result "1/2-1/2"]
[WhiteElo "1863"]
[BlackElo "2280"]
[PlyCount "98"]
[EventDate "2015.02.13"]
[EventType "swiss"]
[EventRounds "8"]
[EventCountry "SWE"]
[SourceTitle "OM OTB B 201907"]
[Source "Opening Master"]
[SourceDate "2019.07.06"]
[SourceVersion "2"]
[SourceVersionDate "2019.07.06"]
[SourceQuality "1"]

1. e4 c5 2. Nf3 Nc6 3. d4 cxd4 4. Nxd4 Nf6 5. Nc3 d6 6. Be2 e5 7. Nb3 Be7 8.
Be3 O-O 9. Qd2 Be6 10. O-O a5 11. a4 Nb4 12. f4 Rc8 13. Bf3 exf4 14. Bxf4 Nxc2
15. Qxc2 Qb6+ 16. Kh1 Qxb3 17. Qxb3 Bxb3 18. e5 dxe5 19. Bxe5 b6 20. Rae1 Rfe8
21. Bb7 Rcd8 22. Bc6 Rf8 23. Bc7 Bb4 24. Bxd8 Rxd8 25. Re3 Rc8 26. Bb7 Rc7 27.
Nb5 Rxb7 28. Rxb3 Rd7 29. h3 Rd2 30. Rc1 h5 31. Nc7 h4 32. Na6 Rd4 33. Nxb4
axb4 34. Rc8+ Kh7 35. Rc7 Ne4 36. Rxf7 Rd1+ 37. Kh2 Ng3 38. Rxg3 hxg3+ 39. Kxg3
Rb1 40. Rf2 b3 41. h4 Kg6 42. Kg4 Ra1 43. Rf4 Ra2 44. Rb4 Rxb2 45. Rxb6+ Kh7
46. g3 Rb1 47. a5 b2 48. a6 Ra1 49. Rxb2 Rxa6 1/2-1/2

[Event "HUN-chT2 Maroczy 1415"]
[Site "Hungary"]
[Date "2015.02.08"]
[Round "6"]
[White "Kassay, Krisztian"]
[Black "Stanciu, Alexandru Ovidiu"]
[Result "1/2-1/2"]
[WhiteElo "2016"]
[BlackElo "2366"]
[PlyCount "80"]
[EventDate "2014.10.12"]
[EventType "team-tourn"]
[EventRounds "9"]
[EventCountry "HUN"]
[SourceTitle "OM OTB B 201907"]
[Source "Opening Master"]
[SourceDate "2019.07.06"]
[SourceVersion "2"]
[SourceVersionDate "2019.07.06"]
[SourceQuality "1"]

1. e4 c5 2. Nf3 Nc6 3. d4 cxd4 4. Nxd4 Nf6 5. Nc3 d6 6. Be2 e5 7. Nf3 h6 8. h3
Be7 9. Be3 Be6 10. O-O O-O 11. Nd2 Rc8 12. Bf3 a6 13. Nd5 Bxd5 14. exd5 Nb8 15.
c4 Nfd7 16. g4 a5 17. a3 Na6 18. Be4 Ndc5 19. Bc2 Bg5 20. Qf3 g6 21. b3 Kg7 22.
Rfb1 Qe7 23. b4 axb4 24. axb4 Nd7 25. Qg3 Rh8 26. f4 exf4 27. Bxf4 Bxf4 28.
Qxf4 Rhe8 29. Ba4 Nab8 30. Rf1 Qe3+ 31. Qxe3 Rxe3 32. Bxd7 Nxd7 33. Rae1 Rce8
34. Rxe3 Rxe3 35. Rf3 Re2 36. Rf2 Re1+ 37. Rf1 Re2 38. Rf2 Re1+ 39. Rf1 Re3 40.
Rf3 Re1+ 1/2-1/2

[Event "Plovdiv Bulgarian op 37th"]
[Site "Plovdiv"]
[Date "2015.02.06"]
[Round "7"]
[White "Zajic, Milan"]
[Black "Spasov, Vasil"]
[Result "1/2-1/2"]
[WhiteElo "2452"]
[BlackElo "2559"]
[PlyCount "45"]
[EventDate "2015.02.01"]
[EventType "swiss"]
[EventRounds "9"]
[EventCountry "BUL"]
[SourceTitle "OM OTB B 201907"]
[Source "Opening Master"]
[SourceDate "2019.07.06"]
[SourceVersion "2"]
[SourceVersionDate "2019.07.06"]
[SourceQuality "1"]

1. e4 c5 2. Nf3 Nc6 3. d4 cxd4 4. Nxd4 Nf6 5. Nc3 d6 6. Be2 e5 7. Nf3 h6 8. O-O
Be7 9. Re1 O-O 10. h3 a6 11. a4 Be6 12. Bf1 Rc8 13. Nd5 Bxd5 14. exd5 Nb4 15.
c4 a5 16. Nd2 Nd7 17. Nb3 Bg5 18. Bd2 Bxd2 19. Qxd2 Qb6 20. Ra3 f5 21. Kh2 Nc5
22. Nxc5 Qxc5 23. Rg3 1/2-1/2

[Event "FICS rated standard game"]
[Site "FICS freechess.org"]
[Date "2015.02.02"]
[Round "?"]
[White "sxsonar"]
[Black "Goryanchikov"]
[Result "1/2-1/2"]
[WhiteElo "2028"]
[BlackElo "2060"]
[PlyCount "142"]
[EventDate "2015.??.??"]

1. e4 c5 2. Nc3 Nc6 3. Nf3 d6 4. d4 cxd4 5. Nxd4 Nf6 6. Be2 e5 7. Ndb5 a6 8.
Na3 b5 9. Nd5 Nxe4 10. O-O Bb7 11. Bf3 Nf6 12. c4 bxc4 13. Nxc4 Nxd5 14. Bxd5
Qf6 15. Qa4 Rc8 16. f4 e4 17. Nb6 Qd4+ 18. Qxd4 Nxd4 19. Nxc8 Bxd5 20. Rd1 Ne2+
21. Kf2 Nxc1 22. Rxd5 Nd3+ 23. Ke3 Kd7 24. Nb6+ Kc6 25. Rxd3 exd3 26. Na4 d2
27. Kxd2 Be7 28. Re1 Bf6 29. Nc3 Rb8 30. b3 Kd7 31. Ne4 Bd8 32. Kd3 f5 33. Nc3
Ba5 34. Re2 Rf8 35. Nd5 Rf7 36. b4 Bd8 37. a4 Kc6 38. Kd4 Bb6+ 39. Nxb6 Kxb6
40. Re6 Kc6 41. Kc4 Rb7 42. h3 h6 43. g4 fxg4 44. hxg4 Rf7 45. b5+ axb5+ 46.
axb5+ Kd7 47. Kd5 Rxf4 48. Rxd6+ Kc7 49. Rg6 Rb4 50. Kc5 Rb1 51. Rxg7+ Kc8 52.
Rg6 Rg1 53. Kc6 Rc1+ 54. Kb6 Rg1 55. Rg8+ Kd7 56. Kb7 h5 57. Rg7+ Kd6 58. g5 h4
59. Rh7 Rxg5 60. b6 Rg4 61. Kb8 Ke5 62. b7 Kf5 63. Rh6 Kg5 64. Rc6 Rb4 65. Kc7
h3 66. b8=Q Rxb8 67. Kxb8 Kg4 68. Rc8 Kg3 69. Rg8+ Kf2 70. Rh8 Kg2 71. Rg8+ Kf2
1/2-1/2

[Event "TCh-CZE 1 Liga Vychod"]
[Site "Prague CZE"]
[Date "2015.02.01"]
[Round "7.5"]
[White "Pecha, T."]
[Black "Zeman, Radek"]
[Result "1/2-1/2"]
[WhiteElo "2217"]
[BlackElo "1909"]
[PlyCount "156"]
[EventDate "2015.??.??"]

1. e4 c5 2. Nf3 Nc6 3. d4 cxd4 4. Nxd4 Nf6 5. Nc3 d6 6. Be2 e5 7. Nb3 Be7 8.
O-O O-O 9. Be3 a5 10. a4 b6 11. f3 Nb4 12. Bc4 Bb7 13. Qe2 Rc8 14. Rfd1 Qc7 15.
Bd3 d5 16. Nb5 Qb8 17. exd5 Nfxd5 18. c3 Nxe3 19. Qxe3 Nd5 20. Qe1 Rfd8 21. Bf5
Rc6 22. Be4 Rh6 23. c4 Nf6 24. Rxd8+ Bxd8 25. Bxb7 Qxb7 26. Qxe5 Rg6 27. Rd1
Be7 28. Qe2 h5 29. N3d4 Bc5 30. Kh1 h4 31. Nb3 h3 32. gxh3 Bf8 33. Rg1 Rh6 34.
Rg3 Nh5 35. Rg4 Rf6 36. Qe4 Qxe4 37. fxe4 Rf1+ 38. Rg1 Rf2 39. Rg2 Rf3 40. Nd2
Re3 41. Nd4 Nf4 42. Rf2 Nd3 43. Re2 Rxe2 44. Nxe2 Nxb2 45. Nc3 Bb4 46. Ndb1
Nxc4 47. Nd5 Bc5 48. Kg2 f6 49. Kf3 Kf7 50. Nbc3 Ke6 51. Ke2 Ke5 52. Kd3 Nd6
53. Nc7 Bg1 54. N7d5 Bd4 55. Ne7 Bxc3 56. Ng6+ Ke6 57. Kxc3 Nxe4+ 58. Kc4 Nd6+
59. Kc3 Kf5 60. Ne7+ Kg5 61. Nd5 b5 62. axb5 Nxb5+ 63. Kc4 a4 64. Kxb5 a3 65.
Nc3 Kh4 66. Kb4 Kxh3 67. Kxa3 Kxh2 68. Nd5 f5 69. Kb3 g5 70. Kc3 f4 71. Kd2 f3
72. Ne3 f2 73. Ke2 Kg1 74. Nf1 g4 75. Ng3 Kg2 76. Nf1 g3 77. Nxg3 Kxg3 78. Kf1
Kf3 1/2-1/2

[Event "POL-chT3 Wielkopolskie 1415"]
[Site "Poland"]
[Date "2015.02.01"]
[Round "7.5"]
[White "Stachowiak, Slawomir"]
[Black "Kostecki, Samuel"]
[Result "1/2-1/2"]
[WhiteElo "1905"]
[BlackElo "1617"]
[PlyCount "82"]
[EventDate "2014.11.30"]
[EventType "team-tourn"]
[EventRounds "11"]
[EventCountry "POL"]
[SourceTitle "OM OTB B 201907"]
[Source "Opening Master"]
[SourceDate "2019.07.06"]
[SourceVersion "2"]
[SourceVersionDate "2019.07.06"]
[SourceQuality "1"]

1. e4 c5 2. Nf3 Nc6 3. d4 cxd4 4. Nxd4 Nf6 5. Nc3 d6 6. Be2 e5 7. Nb3 Be7 8.
O-O O-O 9. Be3 Be6 10. f3 Nd7 11. Kh1 f5 12. exf5 Rxf5 13. f4 exf4 14. Bxf4
Nde5 15. Nd5 Bf8 16. c4 Qd7 17. Qd2 Qf7 18. Bg3 Rxf1+ 19. Rxf1 Qd7 20. Nd4 Bf7
21. Nf5 Kh8 22. b3 Re8 23. Nd4 Kg8 24. Bd1 Kh8 25. Bc2 Bg6 26. Nf5 Bf7 27. Qf4
Ng6 28. Qf2 Bxd5 29. cxd5 Nb4 30. Nh4 Nxc2 31. Nxg6+ hxg6 32. Qxc2 Qb5 33. Qc4
Qxc4 34. bxc4 Kg8 35. Re1 Rc8 36. Re4 Rc5 37. Bf2 Ra5 38. Re2 Ra4 39. Rc2 b6
40. g4 Be7 41. Kg2 Ra3 1/2-1/2

[Event "Burlingame Chinggis"]
[Site "Burlingame"]
[Date "2015.01.31"]
[Round "6"]
[White "Wang, Puchen"]
[Black "Bregadze, Levan"]
[Result "1/2-1/2"]
[WhiteElo "2458"]
[BlackElo "2459"]
[PlyCount "145"]
[EventDate "2015.01.28"]
[EventType "tourn"]
[EventRounds "9"]
[EventCountry "USA"]
[EventCategory "8"]
[SourceTitle "OM OTB B 201907"]
[Source "Opening Master"]
[SourceDate "2019.07.06"]
[SourceVersion "2"]
[SourceVersionDate "2019.07.06"]
[SourceQuality "1"]

1. e4 c5 2. Nf3 d6 3. d4 cxd4 4. Nxd4 Nf6 5. Nc3 Nc6 6. Be2 e5 7. Nb3 Be7 8.
O-O O-O 9. Re1 Be6 10. Bf3 a5 11. a4 Nb4 12. Nb5 d5 13. exd5 Nfxd5 14. Rxe5 Bf6
15. Re1 Bf5 16. N3d4 Bg6 17. Be4 Qd7 18. Bxg6 hxg6 19. c3 Nc6 20. Nf3 Rad8 21.
Bd2 Qf5 22. Qb1 Qh5 23. Qe4 Rd7 24. h3 Rfd8 25. Qg4 Nb6 26. Bf4 Nc4 27. Qxh5
gxh5 28. Rab1 Ne7 29. b3 Nd5 30. Bg3 Nxc3 31. Nxc3 Bxc3 32. bxc4 Bxe1 33. Rxe1
Rd1 34. Kf1 R8d3 35. Ke2 Rxe1+ 36. Kxd3 Ra1 37. Nd4 Ra3+ 38. Ke4 Rxa4 39. Kd5
Ra2 40. Kc5 Rb2 41. Nb5 a4 42. Bd6 Rxf2 43. g3 h4 44. gxh4 f5 45. Kb4 f4 46.
Bc5 Rf1 47. Kxa4 f3 48. Ka5 Rc1 49. Nd6 Ra1+ 50. Kb4 b6 51. Bf2 Ra2 52. Be3
Rb2+ 53. Ka4 f2 54. Bxf2 Rxf2 55. Kb5 Rb2+ 56. Kc6 Rb4 57. h5 Kh7 58. Kd5 Rb3
59. Kc6 Rxh3 60. Kxb6 Rxh5 61. c5 Rd5 62. Kc6 Re5 63. Kb6 Re6 64. Kc7 g5 65.
Kd7 Rg6 66. c6 Rg7+ 67. Kd8 g4 68. Ne4 Rg8+ 69. Kd7 Rg7+ 70. Kd8 g3 71. Nxg3
Rxg3 72. c7 Rg8+ 73. Kd7 1/2-1/2

[Event "Oberliga Ost-B 1415"]
[Site "Germany"]
[Date "2015.01.18"]
[Round "7.2"]
[White "Ohme, Melanie"]
[Black "Wieczorek, Oskar"]
[Result "1-0"]
[WhiteElo "2301"]
[BlackElo "2136"]
[PlyCount "95"]
[EventDate "2014.09.21"]
[EventType "team-tourn"]
[EventRounds "11"]
[EventCountry "GER"]
[SourceTitle "OM OTB B 201907"]
[Source "Opening Master"]
[SourceDate "2019.07.06"]
[SourceVersion "2"]
[SourceVersionDate "2019.07.06"]
[SourceQuality "1"]

1. e4 c5 2. Nf3 d6 3. d4 cxd4 4. Nxd4 Nf6 5. Nc3 Nc6 6. Be2 e5 7. Nf3 h6 8. O-O
Be7 9. Re1 O-O 10. h3 Be6 11. Bf1 Nb8 12. a4 Nbd7 13. a5 a6 14. Nd5 Nxd5 15.
exd5 Bf5 16. c4 Rc8 17. b4 Bf6 18. Nd2 Bg5 19. Bb2 Re8 20. Ne4 Bxe4 21. Rxe4 f5
22. Re1 e4 23. Bd4 Bf4 24. Qh5 Be5 25. Bxe5 Rxe5 26. f4 exf3 27. Qxf3 Qf6 28.
Rac1 f4 29. Re4 g5 30. Rxe5 Nxe5 31. Qe4 g4 32. hxg4 Rf8 33. Bd3 Rf7 34. Be2
Qh4 35. Bf3 Nxf3+ 36. Qxf3 Qf6 37. Qf2 Qe5 38. Re1 Qc3 39. c5 Qxb4 40. c6 bxc6
41. dxc6 Qc3 42. Re8+ Kg7 43. Re6 f3 44. Kh2 fxg2 45. Qxg2 Qc5 46. Qb2+ Kh7 47.
Qb1+ Kg8 48. Qg6+ 1-0

[Event "FICS unrated standard game"]
[Site "FICS freechess.org"]
[Date "2015.01.18"]
[Round "?"]
[White "MartinNayhebaver"]
[Black "PrzemysPiotrowski"]
[Result "0-1"]
[WhiteElo "2338"]
[BlackElo "2191"]
[PlyCount "109"]
[EventDate "2015.??.??"]

1. e4 c5 2. Nf3 d6 3. d4 cxd4 4. Nxd4 Nf6 5. Nc3 Nc6 6. Be2 e5 7. Nf3 h6 8. O-O
Be7 9. Re1 Be6 10. Bf1 O-O 11. h3 Nh7 12. Nd5 Ng5 13. Nxe7+ Qxe7 14. Nxg5 hxg5
15. Be3 Rfd8 16. c4 Rac8 17. Rc1 b6 18. Be2 g6 19. Qd2 f6 20. Red1 Rd7 21. Rc3
Na5 22. b3 Nb7 23. Bg4 Nc5 24. Bxe6+ Nxe6 25. Qd5 Qf7 26. b4 Nf4 27. Qxf7+ Kxf7
28. Kf1 Ke6 29. Rdc1 Rdc7 30. a4 f5 31. exf5+ gxf5 32. f3 Ke7 33. Bd2 d5 34.
cxd5 Rxc3 35. Rxc3 Rxc3 36. Bxc3 Kd6 37. g4 fxg4 38. hxg4 Kxd5 39. Kf2 Kc4 40.
Bd2 Kd3 41. Ke1 a6 42. Kd1 b5 43. axb5 axb5 44. Bc1 Nh3 45. Ke1 Kc2 46. Be3 Kd3
47. Bc1 e4 48. fxe4 Kxe4 49. Kd2 Kf3 50. Kc3 Nf4 51. Bd2 Kxg4 52. Kd4 Kf3 53.
Ke5 Nh3 54. Be1 Nf2 55. Kd4 0-1

[Event "FICS rated standard game"]
[Site "FICS freechess.org"]
[Date "2015.01.17"]
[Round "?"]
[White "GriffyJr"]
[Black "Goryanchikov"]
[Result "0-1"]
[WhiteElo "2047"]
[BlackElo "2039"]
[PlyCount "64"]
[EventDate "2015.??.??"]

1. e4 c5 2. Nf3 Nc6 3. d4 cxd4 4. Nxd4 Nf6 5. Nc3 d6 6. Be2 e5 7. Nb3 Be7 8.
Be3 Be6 9. Qd2 a6 10. f4 exf4 11. Bxf4 O-O 12. O-O-O Ne5 13. Nd4 Qc7 14. Nf5
Bxf5 15. exf5 b5 16. a3 Rab8 17. Qd4 Rfc8 18. Rd2 b4 19. Nb1 Qa5 20. c3 bxa3
21. Nxa3 Rb4 22. Qa7 Rxc3+ 23. Kd1 Qxa3 24. Bf3 Qa4+ 25. Ke2 Qb5+ 26. Kf2 Neg4+
27. Kg3 Qxf5 28. Qa8+ Bf8 29. Qxf8+ Kxf8 30. Bxd6+ Kg8 31. bxc3 Ne4+ 32. Bxe4
Rxe4 0-1

[Event "Prague op-A"]
[Site "Prague"]
[Date "2015.01.16"]
[Round "9"]
[White "Kaderabek, Jiri"]
[Black "Kopasov, Evgeny"]
[Result "1-0"]
[WhiteElo "2119"]
[BlackElo "1977"]
[PlyCount "87"]
[EventDate "2015.01.09"]
[EventType "swiss"]
[EventRounds "9"]
[EventCountry "CZE"]
[SourceTitle "OM OTB B 201907"]
[Source "Opening Master"]
[SourceDate "2019.07.06"]
[SourceVersion "2"]
[SourceVersionDate "2019.07.06"]
[SourceQuality "1"]

1. e4 c5 2. Nf3 d6 3. d4 cxd4 4. Nxd4 Nf6 5. Nc3 Nc6 6. Be2 e5 7. Nf3 Be7 8.
O-O O-O 9. a4 a5 10. Bg5 h6 11. Bxf6 Bxf6 12. Qd2 Nb4 13. Rfd1 Be7 14. Nb5 Qb6
15. c3 Nc6 16. Qe3 Qxe3 17. fxe3 Rd8 18. Bc4 Bg4 19. Rf1 Rf8 20. Rad1 Rad8 21.
Rd2 Rd7 22. Rfd1 Rfd8 23. Bd5 Bxf3 24. gxf3 Bg5 25. Kf2 Ne7 26. Nxd6 Rxd6 27.
Bxf7+ Kxf7 28. Rxd6 Rc8 29. Rd7 b6 30. R7d6 Rb8 31. Rd8 Rxd8 32. Rxd8 Nf5 33.
Rd3 Ne7 34. Rd6 Ng6 35. Rxb6 Bd8 36. Rd6 Be7 37. Rd5 Ke6 38. Rxa5 Nf8 39. h4
Nd7 40. Ra6+ Kf7 41. a5 Nb8 42. Rb6 Nd7 43. Rb7 Ke8 44. a6 1-0

[Event "CHI-ch (Women)"]
[Site "Santiago"]
[Date "2015.01.15"]
[Round "4"]
[White "Morales Flores, Monserrat"]
[Black "Jorquera Cabello, Valentina Paz"]
[Result "1/2-1/2"]
[WhiteElo "1866"]
[BlackElo "2016"]
[PlyCount "127"]
[EventDate "2015.01.13"]
[EventType "swiss"]
[EventRounds "9"]
[EventCountry "CHI"]
[SourceTitle "OM OTB B 201907"]
[Source "Opening Master"]
[SourceDate "2019.07.06"]
[SourceVersion "2"]
[SourceVersionDate "2019.07.06"]
[SourceQuality "1"]

1. e4 c5 2. Nf3 d6 3. d4 cxd4 4. Nxd4 Nf6 5. Nc3 Nc6 6. Be2 e5 7. Nb3 Be7 8.
Be3 O-O 9. O-O a5 10. a4 Nb4 11. f4 Be6 12. Bf3 exf4 13. Bf2 Rc8 14. Nd4 Bc4
15. Re1 Nc6 16. Nce2 d5 17. Nxc6 Rxc6 18. Nd4 Rc8 19. e5 Ne4 20. Bxe4 dxe4 21.
Rxe4 Bd5 22. Re1 Bc5 23. c3 Qb6 24. Qe2 Bxd4 25. Bxd4 Qg6 26. Qf2 f3 27. g3
Rfe8 28. Re3 f6 29. Rae1 fxe5 30. Rxe5 Rxe5 31. Rxe5 Re8 32. Qe1 Rxe5 33. Qxe5
Qb1+ 34. Kf2 Qxb2+ 35. Ke3 Qc1+ 36. Kd3 Qd1+ 37. Ke3 Qc1+ 38. Kd3 Qd1+ 39. Ke3
Qe2+ 40. Kf4 Qxe5+ 41. Kxe5 Bc6 42. Kf4 Kf7 43. Ke3 Bxa4 44. Kxf3 Bc6+ 45. Kf4
Bd5 46. Ke5 Bc4 47. Bc5 b5 48. Bb6 a4 49. Bc5 Kg6 50. h4 Kh5 51. Kf4 h6 52. Be7
Be2 53. Ke3 Bd1 54. Kf4 Kg6 55. Ke5 Kf7 56. Bb4 g5 57. hxg5 hxg5 58. Kf5 g4 59.
Ba3 Bf3 60. Bb4 Be2 61. Ba3 Bd3+ 62. Ke5 Ke8 63. Ke6 Bc4+ 64. Kd6 1/2-1/2

[Event "Arica op 2nd"]
[Site "Arica"]
[Date "2015.01.14"]
[Round "2"]
[White "Vergara Jofre, Felipe Andres"]
[Black "Hernandez Guerrero, Gilberto"]
[Result "0-1"]
[WhiteElo "2077"]
[BlackElo "2517"]
[PlyCount "54"]
[EventDate "2015.01.13"]
[EventType "swiss"]
[EventRounds "9"]
[EventCountry "CHI"]
[SourceTitle "OM OTB B 201907"]
[Source "Opening Master"]
[SourceDate "2019.07.06"]
[SourceVersion "2"]
[SourceVersionDate "2019.07.06"]
[SourceQuality "1"]

1. e4 c5 2. Nf3 Nc6 3. d4 cxd4 4. Nxd4 Nf6 5. Nc3 d6 6. Be2 e5 7. Nb3 Be7 8.
O-O O-O 9. Be3 a5 10. f4 a4 11. fxe5 dxe5 12. Qxd8 Rxd8 13. Nc5 Nd4 14. Nd3
Nxc2 15. Bb6 Nxa1 16. Bxd8 Bxd8 17. Rxa1 Bb6+ 18. Kf1 Bd4 19. Rc1 Be6 20. a3
Rc8 21. Bf3 b5 22. Ke2 Bc4 23. Kd2 Rd8 24. Rd1 h5 25. h3 g6 26. g4 hxg4 27.
hxg4 Kg7 0-1

[Event "FICS rated standard game"]
[Site "FICS freechess.org"]
[Date "2015.01.11"]
[Round "8"]
[White "FINLANDIA"]
[Black "Perez, Rene Rodrigues"]
[Result "1-0"]
[WhiteElo "2094"]
[BlackElo "2141"]
[PlyCount "131"]
[EventDate "2015.??.??"]
[SourceTitle "CBM 164 Extra"]
[Source "ChessBase"]
[SourceDate "2015.03.02"]
[SourceVersion "1"]
[SourceVersionDate "2015.03.02"]
[SourceQuality "1"]

1. e4 c5 2. Nf3 d6 3. d4 Nf6 4. Nc3 cxd4 5. Nxd4 Nc6 6. Be2 e5 7. Nf3 h6 8. O-O
Be7 9. h3 Be6 10. Re1 O-O 11. Bf1 Nb8 12. Nb1 Qc7 13. b3 a6 14. c4 Nbd7 15. Bb2
b5 16. cxb5 axb5 17. Bxb5 Nc5 18. Nc3 Qb7 19. Nd2 Bd8 20. b4 Ncd7 21. a3 Bb6
22. Nf3 Rac8 23. Qe2 Qb8 24. Ba6 Rcd8 25. Bc4 Nh5 26. Nd5 Bxd5 27. Bxd5 Nf4 28.
Qd2 Nf6 29. Bc6 Qa7 30. a4 Rc8 31. Rac1 Ne6 32. a5 Bd8 33. Bd5 Rxc1 34. Rxc1
Nf4 35. Bc6 Qa6 36. Kh2 Bc7 37. g3 Ne6 38. Bd5 Bb8 39. Kg2 Nc7 40. Bc6 Nfe8 41.
Nh4 Ba7 42. Nf5 Kh7 43. Rc2 Ne6 44. b5 Qc8 45. b6 Bb8 46. Bxe8 Qxe8 47. a6 Qa4
48. Qe2 g6 49. Nh4 Nc5 50. a7 Bxa7 51. bxa7 Qxa7 52. Qc4 Qa8 53. f3 Kg8 54.
Bxe5 Nxe4 55. fxe4 dxe5 56. Nxg6 Re8 57. Nh4 Re6 58. Nf5 Kh7 59. Qd5 Qa4 60.
Rc7 Kg6 61. Rc6 Kh7 62. Rxe6 Qc2+ 63. Kf3 Qc3+ 64. Kg4 h5+ 65. Kh4 Qc7 66. Rh6+
1-0

[Event "Madrid-ch Seniors 20th"]
[Site "Madrid"]
[Date "2015.01.10"]
[Round "4"]
[White "Fernandez Garcia, Ignacio"]
[Black "Gil Sierra, Jacinto"]
[Result "0-1"]
[WhiteElo "1834"]
[BlackElo "1980"]
[PlyCount "78"]
[EventDate "2015.01.07"]
[EventType "swiss"]
[EventRounds "9"]
[EventCountry "ESP"]
[SourceTitle "OM OTB B 201907"]
[Source "Opening Master"]
[SourceDate "2019.07.06"]
[SourceVersion "2"]
[SourceVersionDate "2019.07.06"]
[SourceQuality "1"]

1. e4 c5 2. Nf3 Nc6 3. d4 cxd4 4. Nxd4 Nf6 5. Nc3 d6 6. Be2 e5 7. Nb3 h6 8. Be3
a6 9. h3 b5 10. Bf3 Bb7 11. Qd2 Be7 12. g4 Na5 13. Nxa5 Qxa5 14. Nd5 Qxd2+ 15.
Bxd2 Nxd5 16. exd5 Rc8 17. O-O-O Bg5 18. h4 Bxd2+ 19. Rxd2 Ke7 20. Be4 Rc4 21.
Re1 g5 22. h5 Bc8 23. f3 Rf8 24. b3 Rc7 25. Rg1 f5 26. Bd3 fxg4 27. fxg4 Rf4
28. Be2 Kf6 29. c4 e4 30. Kc2 Ke5 31. Kc3 a5 32. Kc2 Ba6 33. Kc3 bxc4 34. bxc4
Bxc4 35. Kb2 e3 36. Rc2 Rb7+ 37. Kc1 Bxe2 38. Rxe2 Rc4+ 39. Rc2 Rcb4 0-1

[Event "Tourn. n9075"]
[Site "www.chess-mail.com"]
[Date "2015.01.09"]
[Round "9"]
[White "Crombleholme, Alan"]
[Black "Benitez Galeano, Alejandro"]
[Result "0-1"]
[WhiteElo "1886"]
[BlackElo "2075"]
[PlyCount "106"]
[EventDate "2016.??.??"]
[SourceTitle "CBM 164 Extra"]
[Source "ChessBase"]
[SourceDate "2015.03.02"]
[SourceVersion "1"]
[SourceVersionDate "2015.03.02"]
[SourceQuality "1"]

1. e4 c5 2. Nf3 d6 3. d4 cxd4 4. Nxd4 Nf6 5. Nc3 Nc6 6. Be2 e5 7. Nf3 h6 8. Be3
Be6 9. a3 Be7 10. O-O O-O 11. Nd5 Nxe4 12. c4 f5 13. Qc2 Nf6 14. Rad1 Rc8 15.
Qb3 Na5 16. Qb4 Bxd5 17. cxd5 Nd7 18. Rc1 b6 19. Ba6 Rxc1 20. Rxc1 Nc5 21. Qb5
Nab3 22. Rc3 e4 23. Bxc5 Nxc5 24. Nd4 Bf6 25. Nc6 Qe8 26. Rc2 f4 27. b4 Nd3 28.
Nxa7 Qh5 29. Rd2 f3 30. Rxd3 exd3 31. Qxd3 fxg2 32. Qe2 Qxe2 33. Bxe2 Bd4 34.
Nb5 Bxf2+ 35. Kxg2 Be3 36. Kg3 Bf4+ 37. Kg2 g5 38. Bg4 Kg7 39. Nd4 Ra8 40. Nb5
Kg6 41. h3 Kf6 42. Kf3 Ke5 43. Be6 Bc1 44. Kg4 Bxa3 45. Kh5 Bxb4 46. Kxh6 Bd2
47. Kg6 Ra5 48. Nc7 b5 49. Ne8 b4 50. Nf6 b3 51. Bf5 b2 52. Nh7 Ra1 53. Nxg5
Bxg5 0-1

[Event "Madrid-ch Seniors 20th"]
[Site "Madrid"]
[Date "2015.01.08"]
[Round "2"]
[White "Fernandez Liria, Cristobal"]
[Black "Gil Sierra, Jacinto"]
[Result "0-1"]
[WhiteElo "1820"]
[BlackElo "1980"]
[PlyCount "40"]
[EventDate "2015.01.07"]
[EventType "swiss"]
[EventRounds "9"]
[EventCountry "ESP"]
[SourceTitle "OM OTB B 201907"]
[Source "Opening Master"]
[SourceDate "2019.07.06"]
[SourceVersion "2"]
[SourceVersionDate "2019.07.06"]
[SourceQuality "1"]

1. e4 c5 2. Nf3 Nc6 3. d4 cxd4 4. Nxd4 Nf6 5. Nc3 d6 6. Be2 e5 7. Nf3 h6 8. h3
a6 9. Be3 b5 10. a3 Be7 11. O-O O-O 12. b4 Bb7 13. Qd3 Rc8 14. Nd5 Nxd5 15.
exd5 Nb8 16. Nd2 f5 17. f3 Bf6 18. Rad1 e4 19. Nxe4 fxe4 20. Qxe4 Re8 0-1

[Event "FICS rated standard game"]
[Site "FICS freechess.org"]
[Date "2015.01.07"]
[Round "?"]
[White "kopyor"]
[Black "GriffySr"]
[Result "0-1"]
[WhiteElo "2029"]
[BlackElo "2134"]
[PlyCount "74"]
[EventDate "2015.??.??"]

1. Nc3 c5 2. Nf3 Nc6 3. d4 cxd4 4. Nxd4 Nf6 5. e4 d6 6. Be2 e5 7. Nb3 Be6 8.
O-O a6 9. Bg5 Be7 10. Re1 O-O 11. Be3 Qd7 12. Na4 Bxb3 13. axb3 Rad8 14. Bb6
Rc8 15. Rc1 Nxe4 16. Bc4 Qf5 17. Qe2 Nf6 18. Red1 Nd7 19. Be3 b5 20. Bxb5 axb5
21. Qxb5 Nf6 22. Nb6 Rc7 23. c4 Qe4 24. Ra1 Nd4 25. Bxd4 exd4 26. Nd5 Nxd5 27.
Qxd5 Qxd5 28. cxd5 Bf6 29. Rac1 Rfc8 30. Rxc7 Rxc7 31. Ra1 g5 32. Kf1 Be5 33.
g3 Rc2 34. Rb1 Rc5 35. b4 Rxd5 36. Rc1 d3 37. Rd1 Bxb2 0-1

[Event "ZL-2016-0-01934"]
[Site "Lechenicher SchachServer"]
[Date "2015.01.06"]
[Round "7"]
[White "Sen, Sezgin"]
[Black "Sen, Senanur"]
[Result "0-1"]
[WhiteElo "1965"]
[BlackElo "2130"]
[PlyCount "86"]
[EventDate "2016.07.19"]
[SourceTitle "CBM 164 Extra"]
[Source "ChessBase"]
[SourceDate "2015.03.02"]
[SourceVersion "1"]
[SourceVersionDate "2015.03.02"]
[SourceQuality "1"]

1. e4 c5 2. Nf3 d6 3. d4 cxd4 4. Nxd4 Nf6 5. Nc3 Nc6 6. Be2 e5 7. Nb3 Be7 8.
O-O O-O 9. Be3 a5 10. a4 Nb4 11. Nd5 Nbxd5 12. exd5 Bf5 13. c4 Nd7 14. f4 exf4
15. Bxf4 Qb6+ 16. Kh1 Bg6 17. Bd3 Bxd3 18. Qxd3 Bf6 19. Qh3 Rad8 20. Bd2 Qc7
21. Bxa5 b6 22. Bb4 Bxb2 23. Rab1 Be5 24. Nd2 Ra8 25. Ne4 Rxa4 26. Qd3 h6 27.
Qb3 Raa8 28. Rf5 Nc5 29. Bxc5 bxc5 30. Rbf1 Ra1 31. Rxa1 Bxa1 32. Qg3 Be5 33.
Qd3 Ra8 34. Rf1 Qe7 35. Ng3 g6 36. h3 Ra2 37. Qb3 Rb2 38. Qd3 Qg5 39. Rf3 h5
40. Qf1 Bxg3 41. Rxf7 Rb8 42. Ra7 Rf8 43. Qb1 Re8 0-1

[Event "POL-ch U16 Girls"]
[Site "Karpacz"]
[Date "2015.??.??"]
[Round "3"]
[White "Walkowiak, Bogumila"]
[Black "Glapa, Anna"]
[Result "0-1"]
[WhiteElo "1313"]
[BlackElo "1597"]
[PlyCount "74"]
[EventDate "2015.03.??"]
[EventType "swiss"]
[EventRounds "9"]
[EventCountry "POL"]
[SourceTitle "OM OTB B 201907"]
[Source "Opening Master"]
[SourceDate "2019.07.06"]
[SourceVersion "2"]
[SourceVersionDate "2019.07.06"]
[SourceQuality "1"]

1. e4 c5 2. Nf3 Nc6 3. d4 cxd4 4. Nxd4 Nf6 5. Nc3 d6 6. Be2 e5 7. Nb3 Be7 8.
O-O O-O 9. Be3 a5 10. a4 Nb4 11. f3 d5 12. exd5 Bf5 13. Rc1 Nfxd5 14. Nxd5 Nxd5
15. Bd2 Qb6+ 16. Kh1 Rfd8 17. Bd3 Bxd3 18. cxd3 Bb4 19. Bxb4 Qxb4 20. Re1 Rac8
21. Rxc8 Rxc8 22. h3 f6 23. Re4 Qb6 24. Rc4 Rd8 25. Rc5 Nf4 26. Qc2 Nxd3 27.
Rxa5 Ne1 28. Qc4+ Kh8 29. Rc5 Nd3 30. Rc8 h6 31. Rxd8+ Qxd8 32. Qc2 Nb4 33. Qd2
Qb6 34. Nc1 Nc6 35. b3 Nd4 36. Qc3 Qa6 37. Qc4 Qa5 0-1